00659nam a22001937a 450000500170000001000150001702000260003203500140005803700130007208200120008510000250009724501450012225000120026726000250027927000890030430000280039370000210042170000230044220210810113801.0 aENG-129732 a9789353941833c879.00 aEN-113264 bDBAD/PUB a629.895 aMazidi, Muhammad Ali aPIC microcontroller and embedded systems:busing assembly and C for PIC18 /cby Muhammad Ali Mazidi, Danny E. Causey [and] Rolin D. McKinlay a2nd ed. aNoidabPearsonc2021 a15th Floor, Tower-B, World Trade Tower, Plot No.1, Block-C, Sector-16bNoidae201301 a657p.:bill.c28cm(pbk) aCausey, Danny E. aMcKinlay, Rolin D.